000 01164nam a2200349 i 4500
001 7803
003 KOSZ 005
005 20221024084245.0
008 071210s1967 pl a f 001 0 pol
015 _aPB 1967/4731
040 _aWA N
_cWA N
_dKOSZ 005/RW
_dKOSZ 005/HR
046 _k1967
080 _a621.74
100 1 _aHarpula, Jan
_eAutor
245 1 0 _aFormowanie skorupowe /
_cJan Harpula, Zdzisław Wertz.
260 _aWarszawa :
_bWydawnictwa Naukowo-Techniczne,
_c1967.
300 _a253, [3] s., [2] k. tabl. :
_bil. ;
_c23 cm.
336 _2rdacontent
_aTekst
_btxt
337 _2rdamedia
_aBez urządzenia pośredniczącego
_bn
338 _2rdacarrier
_aWolumin
_bnc
380 _aKsiążki.
388 _a1901-2000
388 _a1945-1989
504 _aBibliogr. s. 245-[248].
521 8 _aDla pracowników inż-techn.
650 4 _aFormierstwo
658 _aInżynieria i technika
700 1 _aWertz, Zdzisław.
_eAutor
710 2 _aWydawnictwa Naukowo-Techniczne
_4pbl.
856 _uhttp://koha.tu.koszalin.pl/cgi-bin/koha/opac-detail.pl?biblionumber=7803
_yKatalog online BPK
942 _2UKD
_cKS
999 _c7803
_d7803